Vybrané kapitoly z teorie výběrových šetření 2

Salvato in:
Dettagli Bibliografici
Autore principale: Čermák, Václav
Ente Autore: Vysoká škola ekonomická v Praze. Národohospodářská fakulta
Natura: Libro
Lingua:ceco
Pubblicazione: Praha Státní pedagogické nakladatelství 1990
Edizione:2. vyd.
Tags: Aggiungi Tag
Nessun Tag, puoi essere il primo ad aggiungerne!!

MARC

LEADER 00000nam a2200000 4500
001 c039497
005 20221215121001.7
041 0 |a cze 
044 |a CZ 
245 1 0 |a Vybrané kapitoly z teorie výběrových šetření 2  |c Václav Čermák 
250 |a 2. vyd. 
264 1 |a Praha  |b Státní pedagogické nakladatelství  |c 1990 
300 |a 153 s. 
100 1 |a Čermák, Václav 
710 2 |a Vysoká škola ekonomická v Praze. Národohospodářská fakulta